000
00343nam a2200145Ia 4500
008
230718s9999 xx 000 0 und d
041
_a
Eng.
082
_a
346.043
_b
AWA-R
100
_a
Awan, Jabal Mahmood
245
0
_a
Rent lestriction 1959
260
_a
Pakistan
_b
Mantowe bool heye
_c
2004
300
_a
144
650
_a
Law
999
_c
28935
_d
28935